000 00880nas a2200229 i 4500
001 179825
003 ES-MaACL
005 20250217134903.0
008 120130q19201922xxca| | ||ng d
110 2 _aGeodetic Survey of Canada.
_9149241
245 1 0 _aAnnual report of the superintendent of the Geodetic Survey of Canada for the fiscal year ending ...
260 _aOttawa :
_bDepartment of the Interior, Geodetic Survey of Canada,
_c[19---1922]
300 _a1 vol. (56 p., 1 h. lám., graf. pleg. :
_bil.) ;
_c25 cm.
310 _aAnual
362 0 _a[19---1922]
594 _aEn portada: Rome, The International Geodetic and Geophysical Union.
710 1 _aCanada.
_bSurveys and Engineering Branch .
_9149242
710 2 _aThe International Geodetic and Geophysical Union.
_9149243
852 _aES-MaACL
_j1672-F-9
866 0 1 _o1921
999 _c179825
_d179825